000 01033nam a22003011 4500
001 20064
003 CZ PrNK
005 20260115120009.0
007 ta
008 030608s1960 xo g 011 0 slo
020 _q(Váz.) :
_cKčs 58,00
040 _aABA001
_bcze
_cABA001
_dABA001
072 7 _a792
_xDivadlo. Divadelní představení
_2Konspekt
080 _a792.05-027.542
_2MRF
080 _a(437.6)
_2MRF
080 _a(082)
_2MRF
245 0 0 _aPamätnica Slovenského národného divadla :
_bsborník /
_c[šéfredaktor Ján Ferenčík]
250 _a1. vyd.
260 _aBratislava :
_bSlovenské vydavateľstvo krásnej literatúry,
_c1960
300 _a521 s. :
_bobr. příl. ;
_c27 cm
500 _aVydáno z príležitosti 40. výročia založenia Slovenského národného divadla
610 2 7 _aSlovenské národné divadlo
_2czenas
650 0 7 _anárodní divadla
_zSlovensko
_2czenas
655 7 _asborníky
_2czenas
700 1 _aFerenčík, Ján,
_d1923-1989
_4edt
910 _aABA001
942 _2ddc
_cOLDO
_n0
999 _c20064
_d20064